В своем отечестве пророки? Публицистика перестройки: лучшие авторы 1988 года

Dades bibliogràfiques
Altres autors: Стрельцова Н. И. (составитель)
Idioma:rus
Publicat: Москва, Книжная палата, 1989
Col·lecció:Популярная библиотека
Matèries:
Format: MixedMaterials Llibre
KOHA link:https://koha.lib.tpu.ru/cgi-bin/koha/opac-detail.pl?biblionumber=17975

MARC

LEADER 00000nam0a2200000 4500
001 17975
005 20231030191119.0
010 |a 5700002124 
035 |a (RuTPU)RU\TPU\book\18123 
035 |a BOOK00018192 
090 |a 17975 
100 |a 20011209d1989 m y0rusy50 ca 
101 0 |a rus 
102 |a RU 
105 |a y z 000zy 
200 1 |a В своем отечестве пророки? Публицистика перестройки  |e лучшие авторы 1988 года  |f сост.: Н. И. Стрельцова 
210 |a Москва  |c Книжная палата  |d 1989 
215 |a 245 с. 
225 1 |a Популярная библиотека 
610 1 |a политика 
610 1 |a экономика 
610 1 |a социально-экономические отношения 
610 1 |a СССР 
610 1 |a перестройка 
686 |a Ф3(2)6  |v LBC/SL-A  |2 rubbk 
702 1 |a Стрельцова  |b Н. И.  |4 220 
801 0 |a RU  |b 63413507  |c 20011209  |g PSBO 
801 2 |a RU  |b 63413507  |c 20080407  |g PSBO 
942 |c BK